|
|
|
|
| LEADER |
01055nam a2200253 a 4500 |
| 001 |
2262412 |
| 008 |
091208r19931978ii b 001 0 eng d |
| 010 |
|
|
|a \\\77913621
|
| 020 |
|
|
|a 0706905857 :
|c Rs45.00
|
| 040 |
|
|
|a DLC
|c DLC
|d DLC
|d BD-DhAAL
|
| 082 |
0 |
0 |
|a 330/.09
|2 18
|
| 100 |
1 |
|
|a Bhatia, H. L.
|
| 245 |
1 |
0 |
|a History of economic thought /
|c H. L. Bhatia.
|
| 250 |
|
|
|a 4th rev. ed.
|
| 260 |
|
|
|a New Delhi :
|b Vikas Pub. House,
|c c1978 [reprinted 1993].
|
| 300 |
|
|
|a xi, 506 p. ;
|c 24 cm.
|
| 504 |
|
|
|a Includes bibliographies and index.
|
| 541 |
1 |
|
|e 00010948
|
| 650 |
|
0 |
|a Economics
|x History.
|
| 650 |
|
0 |
|a Economics
|z India
|x History.
|
| 852 |
4 |
|
|a Ayesha Abed Library
|j General shelf
|
| 999 |
|
|
|c 6127
|d 6127
|
| 952 |
|
|
|0 0
|1 0
|2 ddc
|4 0
|6 330_090000000000000_BHA_1993
|7 0
|9 6116
|a BRACUL
|b BRACUL
|c GEN
|d 2009-12-15
|g 84.00
|l 1
|o 330.09 BHA
|p 3010010948
|r 2011-11-14
|s 2011-09-18
|t 1
|w 2009-12-15
|y BK
|
| 952 |
|
|
|0 0
|1 0
|2 ddc
|4 0
|6 330_090000000000000_BHA_1993
|7 0
|9 6130
|a BRACUL
|b BRACUL
|c GEN
|d 2009-12-15
|g 84.00
|l 3
|m 7
|o 330.09 BHA
|p 3010010949
|r 2025-07-07
|s 2025-06-19
|t 1
|w 2009-12-15
|y BK
|